00423nam a2200169Ia 4500008004100000020001800041050001400059100002000073245003100093245004000124260001500164260001600179260000900195300001400204300002500218300001000243180207s9999 xx 000 0 und d a9780545766937 bN971 2012 aNumeroff, Laura aIt's pumpkin day, mouse! / cby Laura Numeroff and Felicia Bond. aNew York : bScholastic, c2012 aunpaged : bcolor illustration ; c20cm.